[Event "C.to Europeo U18"]
[Site "Batumi GEO"]
[Date "2010.09.23"]
[Round "5"]
[White "Valsecchi, Alessio"]
[Black "Gorduladze, Giorgi"]
[Result "1/2-1/2"]
[WhiteElo "2331"]
[BlackElo "1809"]
[PlyCount "119"]
[EventDate "2010.09.20"]

1. d4 Nf6 2. Nf3 g6 3. c4 Bg7 4. g3 O-O 5. Bg2 c6 6. O-O d5 7. cxd5 cxd5 8. Ne5
Nc6 9. Nxc6 bxc6 10. Nc3 Ba6 11. Re1 Re8 12. Bf4 Nh5 13. Na4 Nxf4 14. gxf4 Qd6
15. e3 f6 16. Rc1 Bc8 17. Qc2 Bd7 18. Nc5 Rac8 19. Qa4 Rc7 20. Red1 Kh8 21. Qa6
Bc8 22. Qa5 e5 23. dxe5 fxe5 24. Nd3 e4 25. Nb4 Ree7 26. Rd2 d4 27. Qc5 Qxc5
28. Rxc5 d3 29. Rc4 Bf5 30. h3 h6 31. b3 Rc8 32. Rd1 Re6 33. Na6 Bf8 34. b4 Kg7
35. Kf1 g5 36. fxg5 hxg5 37. Ke1 g4 38. hxg4 Bxg4 39. Rdc1 Rd8 40. Kd2 Rf6 41.
f4 Rh6 42. Rxe4 Rh2 43. Rg1 Bh3 44. Re5 Rd5 45. Rxd5 cxd5 46. Kxd3 Rxg2 47.
Rxg2+ Bxg2 48. Kd4 Kf6 49. a4 Ke6 50. Nc7+ Kd7 51. Nxd5 Bxd5 52. Kxd5 Bxb4 53.
e4 a5 54. e5 Ke7 55. f5 Ba3 56. Kc6 Bb2 57. Kd5 Ba3 58. Kd4 Bb2+ 59. Ke4 Bc3
60. Kd5 1/2-1/2

[Event "C.to Europeo U18"]
[Site "Batumi GEO"]
[Date "2010.09.24"]
[Round "6"]
[White "Dagis, Karlis"]
[Black "Valsecchi, Alessio"]
[Result "0-1"]
[WhiteElo "2123"]
[BlackElo "2331"]
[PlyCount "80"]
[EventDate "2010.09.20"]

1. f4 d5 2. Nf3 g6 3. e3 Bg7 4. d4 Nh6 5. Bd3 O-O 6. O-O c5 7. c3 b6 8. Qe2 Bf5
9. Nbd2 Bxd3 10. Qxd3 Nd7 11. b3 Rc8 12. Bb2 Nf5 13. Rac1 e6 14. c4 cxd4 15.
exd4 dxc4 16. Nxc4 Nc5 17. Qd2 Ne4 18. Qe2 Qd5 19. Nce5 Rfd8 20. Rxc8 Rxc8 21.
Re1 Nfd6 22. Rc1 Rxc1+ 23. Bxc1 f6 24. Nc4 Nf5 25. Bb2 Qc6 26. Nfd2 Nxd2 27.
Qxd2 Qe4 28. Kf2 Nh4 29. Kg3 Nf5+ 30. Kf2 b5 31. g4 Nh4 32. Kg3 bxc4 33. Kxh4
Qf3 34. d5 h6 35. dxe6 Kh7 36. Qc2 f5 37. h3 c3 38. Bc1 Bf6+ 39. g5 hxg5+ 40.
fxg5 Be5 0-1

[Event "C.to Europeo U18"]
[Site "Batumi GEO"]
[Date "2010.09.26"]
[Round "7"]
[White "Valsecchi, Alessio"]
[Black "Pipia, Beka"]
[Result "1-0"]
[WhiteElo "2331"]
[BlackElo "1993"]
[PlyCount "39"]
[EventDate "2010.09.20"]

1. e4 e5 2. Nf3 d6 3. d4 Nf6 4. dxe5 Nxe4 5. Qd5 Nc5 6. Bg5 Qd7 7. exd6 Bxd6 8.
Nc3 O-O 9. O-O-O a6 10. Be3 Qc6 11. Qh5 Ne6 12. Bd3 g6 13. Qh6 f5 14. h4 Rf7
15. h5 g5 16. Nxg5 Bf8 17. Nxf7 Bxh6 18. Nxh6+ Kf8 19. Bxf5 Bd7 20. Be4 1-0

[Event "C.to Europeo U18"]
[Site "Batumi GEO"]
[Date "2010.09.27"]
[Round "8"]
[White "Nikolashvili, Giorgi N."]
[Black "Valsecchi, Alessio"]
[Result "0-1"]
[WhiteElo "2294"]
[BlackElo "2331"]
[PlyCount "120"]
[EventDate "2010.09.20"]

1. a3 d5 2. Nf3 Nf6 3. c4 e6 4. d4 c6 5. e3 Nbd7 6. Nc3 Bd6 7. Qc2 O-O 8. Bd3
dxc4 9. Bxc4 b5 10. Bd3 Bb7 11. O-O a5 12. Ne2 Qb8 13. e4 c5 14. Qb1 cxd4 15.
Nexd4 Rd8 16. Re1 Ng4 17. h3 Nxf2 18. Kxf2 Bg3+ 19. Kf1 Bxe1 20. Kxe1 Nc5 21.
Bc2 f5 22. Ne2 Bxe4 23. Be3 Nd3+ 24. Kf1 Qb7 25. Ned4 Rxd4 26. Nxd4 Bxg2+ 27.
Ke2 Ne5 28. Qe1 Bf3+ 29. Kf2 Be4 30. Qe2 Bxc2 31. Qxc2 Nc4 32. Re1 Qd5 33. Nf3
e5 34. Nd2 f4 35. Nxc4 Rc8 36. Qe2 Rxc4 37. Bb6 Qc6 38. Bxa5 Rc2 39. Bd2 e4 40.
Qxe4 Rxd2+ 41. Kf3 Qxe4+ 42. Rxe4 Rxb2 43. Kxf4 Rb3 44. h4 Rxa3 45. Re5 Rb3 46.
Rc5 h6 47. h5 Kh7 48. Kg4 Rb1 49. Kf3 b4 50. Kg2 Kg8 51. Rc4 b3 52. Rc3 Kf7 53.
Rf3+ Ke6 54. Rg3 Rb2+ 55. Kh3 Kd5 56. Rxg7 Rc2 57. Rb7 Kc4 58. Kg4 Kc3 59. Rb6
b2 60. Kf5 Rg2 0-1

[Event "C.to Europeo U18"]
[Site "Batumi GEO"]
[Date "2010.09.28"]
[Round "9"]
[White "Valsecchi, Alessio"]
[Black "Firat, Burak"]
[Result "1/2-1/2"]
[WhiteElo "2331"]
[BlackElo "2424"]
[PlyCount "42"]
[EventDate "2010.09.20"]

1. d4 Nf6 2. c4 g6 3. Nf3 Bg7 4. g3 O-O 5. Bg2 d5 6. cxd5 Nxd5 7. O-O Nc6 8.
Nc3 Nb6 9. d5 Na5 10. Qc2 c6 11. dxc6 Nxc6 12. Rd1 Bd7 13. Qe4 Qe8 14. Be3 Rc8
15. Qh4 f6 16. Bxb6 axb6 17. Nd5 b5 18. Nb6 Rd8 19. Nxd7 Rxd7 20. Qe4 e5 21.
Qc2 b4 1/2-1/2

[Event "C.to Europeo U18 femminile"]
[Site "Batumi GEO"]
[Date "2010.09.20"]
[Round "1"]
[White "Motycakova, Monika"]
[Black "Palmitessa, Chiara"]
[Result "1-0"]
[WhiteElo "2072"]
[BlackElo "1903"]
[PlyCount "135"]
[EventDate "2010.09.20"]

1. e4 e5 2. Nf3 Nc6 3. Bb5 a6 4. Ba4 Nf6 5. O-O b5 6. Bb3 Bc5 7. a4 Bb7 8. c3
d6 9. d4 Bb6 10. Re1 O-O 11. Bg5 h6 12. Bh4 g5 13. Bg3 exd4 14. cxd4 Re8 15.
axb5 axb5 16. Rxa8 Bxa8 17. e5 dxe5 18. dxe5 Qxd1 19. Rxd1 Ne4 20. Rd7 Re7 21.
e6 fxe6 22. Rxe7 Nxe7 23. Bxe6+ Kf8 24. Na3 Nxg3 25. hxg3 c6 26. Ne5 Bd4 27.
Nd3 Ng6 28. Nc2 Bb6 29. Kf1 Ke7 30. Bf5 Kf6 31. Be4 Ne7 32. Na3 Nd5 33. Bxd5
cxd5 34. Nxb5 Bb7 35. Nc3 Ke6 36. f3 Ba6 37. Ke2 Bc7 38. g4 Kd6 39. Kd2 Bb8 40.
b4 Ba7 41. g3 Bxd3 42. Kxd3 Bf2 43. Ne2 Be1 44. Nd4 Bxb4 45. Nf5+ Ke5 46. Nxh6
Bc5 47. Nf5 Bf2 48. Ke2 Bc5 49. Ng7 Ba3 50. Kd3 Bc1 51. Nh5 d4 52. Ng7 Be3 53.
Nf5 Bg1 54. Ke2 d3+ 55. Kxd3 Bf2 56. Ke2 Bc5 57. Ne3 Be7 58. Kd3 Bd8 59. Ng2
Bc7 60. f4+ Kf6 61. Ke4 Bb8 62. Ne1 Ba7 63. Nf3 Bf2 64. Nxg5 Bxg3 65. Nf3 Bf2
66. g5+ Kg7 67. f5 Bc5 68. Ke5 1-0

[Event "C.to Europeo U18 femminile"]
[Site "Batumi GEO"]
[Date "2010.09.22"]
[Round "3"]
[White "Palmitessa, Chiara"]
[Black "Korniyuk, Mariya"]
[Result "0-1"]
[WhiteElo "1903"]
[BlackElo "2126"]
[PlyCount "64"]
[EventDate "2010.09.20"]

1. e4 c6 2. d4 g6 3. Nc3 d5 4. e5 Bg7 5. Be3 f6 6. exf6 Nxf6 7. Be2 Bf5 8. g4
Be6 9. Nh3 Qc8 10. Rg1 Nbd7 11. Nf4 Bf7 12. h4 e5 13. Nd3 Qc7 14. Qd2 e4 15.
Bf4 Qd8 16. Ne5 O-O 17. O-O-O Nxe5 18. Bxe5 b5 19. h5 Ne8 20. Bxg7 Nxg7 21. Rg2
Ne6 22. Rh1 Qg5 23. hxg6 Qxd2+ 24. Kxd2 Bxg6 25. Ke3 Rf7 26. Rg3 c5 27. Nxb5 a6
28. Nd6 cxd4+ 29. Kd2 Rxf2 30. Re1 Rf6 31. g5 Rff8 32. Bg4 Nf4 0-1

[Event "C.to Europeo U18 femminile"]
[Site "Batumi GEO"]
[Date "2010.09.24"]
[Round "6"]
[White "Palmitessa, Chiara"]
[Black "Soubirou, Oriane"]
[Result "0-1"]
[WhiteElo "1903"]
[BlackElo "2021"]
[PlyCount "62"]
[EventDate "2010.09.20"]

1. e4 e6 2. Nf3 d5 3. Nc3 Nf6 4. e5 Nfd7 5. d4 Be7 6. Bd3 a6 7. Bf4 c5 8. dxc5
Nxc5 9. O-O Nc6 10. Re1 b6 11. Ne2 Bb7 12. Ned4 Nxd4 13. Nxd4 g5 14. Be3 h5 15.
f4 gxf4 16. Bxf4 Qd7 17. a3 O-O-O 18. b4 Nxd3 19. cxd3 Rdg8 20. Re2 Rg4 21. Be3
Rhg8 22. Rc1+ Kb8 23. Qb3 Bd8 24. Rcc2 f6 25. exf6 Bxf6 26. Nxe6 Be5 27. Bxb6
Qxe6 28. Bc7+ Ka8 29. Bxe5 h4 30. h3 Rxg2+ 31. Kf1 Rg1+ 0-1

[Event "C.to Europeo U18 femminile"]
[Site "Batumi GEO"]
[Date "2010.09.27"]
[Round "8"]
[White "Miladinovic, Lena"]
[Black "Palmitessa, Chiara"]
[Result "1/2-1/2"]
[WhiteElo "2064"]
[BlackElo "1903"]
[PlyCount "52"]
[EventDate "2010.09.20"]

1. e4 e5 2. Nf3 Nc6 3. d4 exd4 4. Nxd4 Nf6 5. Nxc6 bxc6 6. e5 Qe7 7. Qe2 Nd5 8.
g3 g5 9. Bg2 Bg7 10. O-O O-O 11. Re1 Re8 12. c4 Nb6 13. Qh5 Nxc4 14. Bxg5 Qb4
15. Nc3 Rxe5 16. Rxe5 Nxe5 17. Ne4 d6 18. Bf6 h6 19. Bxg7 Kxg7 20. Qh4 Be6 21.
Qf6+ Kh7 22. Qf4 Qxb2 23. Nf6+ Kg7 24. Nh5+ Kf8 25. Rf1 Ng4 26. h3 Ne5 1/2-1/2

[Event "C.to Europeo U18 femminile"]
[Site "Batumi GEO"]
[Date "2010.09.28"]
[Round "9"]
[White "Palmitessa, Chiara"]
[Black "Asan, Elvan"]
[Result "1/2-1/2"]
[WhiteElo "1903"]
[BlackElo "1817"]
[PlyCount "49"]
[EventDate "2010.09.20"]

1. e4 e5 2. Nc3 Nc6 3. g3 Bc5 4. Bg2 a6 5. Nge2 d6 6. O-O Be6 7. d3 Nge7 8. Nd5
O-O 9. h3 f5 10. Nxe7+ Qxe7 11. exf5 Rxf5 12. c3 Bb6 13. g4 Rf7 14. Ng3 Raf8
15. Be3 Bxe3 16. fxe3 Qh4 17. Qe1 Rxf1+ 18. Nxf1 Qf6 19. Qg3 d5 20. d4 e4 21.
Nd2 Qe7 22. Rf1 Nd8 23. Rxf8+ Kxf8 24. Qf4+ Kg8 25. Nb3 1/2-1/2

[Event "XXXIX Olimpiadi (San Marino)"]
[Site "Khanty-Mansiysk RUS"]
[Date "2010.09.25"]
[Round "5.1"]
[White "Grassi, Enrico"]
[Black "Anquandah, Francis Eric"]
[Result "1-0"]
[WhiteElo "2053"]
[BlackElo "1951"]
[Annotator "SMR-GHA"]
[PlyCount "137"]
[EventDate "2010.09.21"]

1. e4 d5 2. exd5 Qxd5 3. Nc3 Qa5 4. d4 c6 5. Nf3 Bf5 6. Bc4 e6 7. Bd2 Qc7 8.
Bb3 Nd7 9. Qe2 O-O-O 10. O-O-O Ngf6 11. a3 Bd6 12. h3 Rhe8 13. Nh4 Bg6 14. Nxg6
hxg6 15. g3 Kb8 16. Qf3 Nb6 17. Bg5 Be7 18. Rhe1 Nfd5 19. Bxe7 Rxe7 20. Ne4 Nd7
21. Kb1 N5f6 22. Ng5 Nb6 23. c3 Nbd5 24. Rd2 Red7 25. Red1 Qa5 26. h4 Nc7 27.
Re2 c5 28. Re5 Na6 29. dxc5 Rxd1+ 30. Bxd1 Qc7 31. Re1 Nxc5 32. Bc2 a6 33. Rd1
Rxd1+ 34. Qxd1 Ne8 35. Qd4 f6 36. Bxg6 Nd6 37. Ne4 Ndxe4 38. Bxe4 Nb3 39. Qd1
Nc5 40. Bc2 Qd7 41. Qxd7 Nxd7 42. Kc1 Kc7 43. Kd2 Kd6 44. Ke3 b6 45. b4 Ne5 46.
Bd3 a5 47. Bb5 Kd5 48. a4 Nc4+ 49. Ke2 Nd6 50. Bd3 e5 51. f3 Nc8 52. Ke3 Nd6
53. g4 Nc4+ 54. Ke2 Nd6 55. Ba6 Nf7 56. Kd3 Nd6 57. h5 Kc6 58. Bc4 Nb7 59. Be6
Kd6 60. Bf5 Nd8 61. Kc4 Nf7 62. Kb5 axb4 63. cxb4 Kc7 64. Kc4 Ng5 65. Be4 Ne6
66. a5 bxa5 67. bxa5 Kb8 68. Kd5 Nd8 69. Kd6 1-0

[Event "XXXIX Olimpiadi femminile"]
[Site "Khanty-Mansiysk RUS"]
[Date "2010.09.21"]
[Round "1.3"]
[White "De Rosa, Mariagrazia"]
[Black "Latreche, Khadidja"]
[Result "1-0"]
[WhiteElo "2073"]
[BlackElo "1815"]
[Annotator "ITA-ALG"]
[PlyCount "95"]
[EventDate "2010.09.21"]

1. e4 c5 2. Nf3 d6 3. d4 cxd4 4. Nxd4 Nf6 5. f3 g6 6. c4 Bg7 7. Be3 Nc6 8. Qd2
O-O 9. Nc3 Nd7 10. Be2 Qa5 11. Nc2 Nc5 12. O-O Be6 13. Rab1 Qd8 14. b4 Nd7 15.
Nd5 f5 16. Nf4 Bf7 17. exf5 gxf5 18. b5 Nce5 19. Nd4 Nc5 20. Nxf5 Bxc4 21. Nxg7
Kxg7 22. Bxc4 Nxc4 23. Qc3+ Ne5 24. Bxc5 Rxf4 25. Bd4 Qf8 26. g3 Rc8 27. Qe3
Rxd4 28. Qxd4 Rc4 29. Qe3 Qf6 30. Rbe1 Rd4 31. f4 Ng6 32. Qe6 Qxe6 33. Rxe6 Kf7
34. f5 Ne5 35. Rf2 Rb4 36. Rc2 Rxb5 37. Rc7 Nc6 38. Rxd6 Rxf5 39. Rxb7 Ne5 40.
Rxa7 Nf3+ 41. Kg2 Ne1+ 42. Kh3 Rh5+ 43. Kg4 Rxh2 44. a4 Re2 45. a5 Nc2 46. a6
Na3 47. Rdd7 Re6 48. Rxe7+ 1-0

[Event "XXXIX Olimpiadi femminile"]
[Site "Khanty-Mansiysk RUS"]
[Date "2010.10.03"]
[Round "11.1"]
[White "Dembo, Yelena"]
[Black "Sedina, Elena"]
[Result "1-0"]
[WhiteElo "2452"]
[BlackElo "2342"]
[Annotator "ITA-GRE"]
[PlyCount "85"]
[EventDate "2010.09.21"]

1. e4 e6 2. d4 d5 3. Nc3 Bb4 4. e5 c5 5. Bd2 Ne7 6. a3 Bxc3 7. Bxc3 Nbc6 8. Nf3
cxd4 9. Bxd4 Nxd4 10. Qxd4 Nc6 11. Qg4 O-O 12. Bd3 f5 13. Qf4 Bd7 14. O-O-O Qb6
15. Rd2 Rac8 16. Kb1 Ne7 17. Qb4 Qc5 18. Qxc5 Rxc5 19. Nd4 Ng6 20. Re1 a5 21.
Nb3 Rc7 22. Nxa5 Nh4 23. f4 h6 24. Rf1 g5 25. g3 Ng6 26. Nb3 Bc8 27. Nd4 b6 28.
b3 Rd8 29. Kb2 Kf7 30. Nb5 Re7 31. Nd6+ Kf8 32. Rff2 Bd7 33. c4 Bc6 34. cxd5
Bxd5 35. Bxf5 Kg7 36. Bxg6 Kxg6 37. f5+ Kh7 38. f6 Ra7 39. Rc2 Kg8 40. Rc8 Rad7
41. Rfc2 h5 42. Rxd8+ Rxd8 43. Rc8 1-0

[Event "Torneo Promozione"]
[Site "Locri ITA"]
[Date "2010.09.18"]
[Round "1"]
[White "Musolino, Anna"]
[Black "Femia, Diego"]
[Result "1-0"]
[WhiteElo "1482"]
[BlackElo "1407"]
[PlyCount "103"]
[EventDate "2010.09.18"]

1. e4 e5 2. Nf3 Nc6 3. Bb5 a6 4. Bxc6 dxc6 5. Nxe5 Nf6 6. d3 Bd6 7. Nf3 O-O 8.
e5 Re8 9. d4 Nd5 10. O-O c5 11. exd6 cxd6 12. dxc5 dxc5 13. c3 Bg4 14. Qd3 Bxf3
15. Qxf3 Rb8 16. Rd1 Qe7 17. h3 Nb6 18. Be3 Rbd8 19. b3 Rxd1+ 20. Qxd1 Rd8 21.
Nd2 Nd5 22. Qe1 Nxc3 23. Rc1 Nxa2 24. Bxc5 Qxe1+ 25. Rxe1 h6 26. Nb1 Rd3 27. b4
Rb3 28. Nd2 Rb2 29. Nc4 Rb3 30. Na5 Rb2 31. Nxb7 Nxb4 32. Bxb4 Rxb4 33. Na5 Rb5
34. Ra1 f6 35. Nc6 Rb6 36. Na7 g5 37. Kf1 h5 38. g3 h4 39. Nc8 Rc6 40. Ne7+ Kf7
41. Nxc6 hxg3 42. fxg3 f5 43. Rxa6 g4 44. hxg4 fxg4 45. Ne5+ Ke7 46. Ke2 Kd8
47. Ra7 Ke8 48. Ke3 Kd8 49. Kd4 Ke8 50. Kd5 Kd8 51. Kc6 Kc8 52. Ra8# 1-0

[Event "Torneo Promozione"]
[Site "Locri ITA"]
[Date "2010.09.18"]
[Round "1"]
[White "Prete, Ugo"]
[Black "Mollace, Ruggiero"]
[Result "1-0"]
[WhiteElo "1455"]
[BlackElo "1434"]
[PlyCount "99"]
[EventDate "2010.09.18"]

1. d4 d5 2. c4 dxc4 3. Nc3 Nc6 4. e3 Nf6 5. Bxc4 e5 6. Nf3 exd4 7. Nxd4 Bc5 8.
Nxc6 bxc6 9. Qxd8+ Kxd8 10. O-O Bf5 11. Bxf7 Bd3 12. Rd1 Ke7 13. Rxd3 Kxf7 14.
b3 Rhe8 15. Bb2 Bd6 16. Rc1 Re5 17. Ne2 Rh5 18. Ng3 Rc5 19. Rdc3 Nd7 20. Ne4
Re5 21. Nxd6+ cxd6 22. Rxc6 Ke7 23. Bxe5 dxe5 24. Rc7 Rb8 25. Rd1 Rd8 26. Rxa7
Ke8 27. h3 h6 28. Kh2 g5 29. Raxd7 Rxd7 30. Rxd7 Kxd7 31. Kg3 Ke6 32. Kf3 Kd5
33. Kg4 Ke6 34. Kh5 Kf5 35. Kxh6 g4 36. hxg4+ Kxg4 37. a4 Kf5 38. a5 Ke4 39. a6
Kd3 40. a7 Ke2 41. f3 Kxe3 42. a8=Q Kf2 43. g4 Kg3 44. Qe4 Kf2 45. g5 Kg2 46.
Kh5 Kg3 47. Qe3 Kg2 48. Kg4 Kf1 49. Kg3 e4 50. Qf2# 1-0

[Event "Torneo Promozione"]
[Site "Locri ITA"]
[Date "2010.09.18"]
[Round "2"]
[White "Femia, Diego"]
[Black "Cortale, Gabriele"]
[Result "0-1"]
[WhiteElo "1407"]
[BlackElo "1437"]
[PlyCount "86"]
[EventDate "2010.09.18"]

1. e4 e5 2. Nc3 Nf6 3. Nf3 Nc6 4. Bc4 h6 5. O-O Bc5 6. Na4 Be7 7. d4 exd4 8.
Nxd4 Nxd4 9. Qxd4 O-O 10. e5 a6 11. exf6 Bxf6 12. Qd3 b5 13. Bxf7+ Rxf7 14. Qd5
c6 15. Qb3 bxa4 16. Qxa4 Rb8 17. a3 d5 18. Qxc6 Bb7 19. Qa4 d4 20. Rd1 Qd5 21.
f3 Qh5 22. h3 Be5 23. c3 Qg6 24. cxd4 Bxf3 25. Rd2 Bc7 26. Qc2 Qg3 27. b4 Qh2+
28. Kf1 Be4+ 29. Rf2 Bxc2 30. Rxf7 Kxf7 31. Ra2 Bd3+ 32. Ke1 Re8+ 33. Kd1 Qh1+
34. Kd2 Qxg2+ 35. Kxd3 Qxa2 36. h4 Qb3+ 37. Kd2 Qe3+ 38. Kc2 Qh3 39. a4 Re2+
40. Bd2 Qe3 41. b5 Rxd2+ 42. Kc1 Qc3+ 43. Kb1 Qb2# 0-1

[Event "Torneo Promozione"]
[Site "Locri ITA"]
[Date "2010.09.18"]
[Round "2"]
[White "Musolino, Anna"]
[Black "Prete, Ugo"]
[Result "0-1"]
[WhiteElo "1482"]
[BlackElo "1455"]
[PlyCount "76"]
[EventDate "2010.09.18"]

1. e4 c5 2. Nf3 e6 3. d4 cxd4 4. Nxd4 Nc6 5. Nc3 a6 6. Be3 d6 7. Bd3 Nf6 8. O-O
Be7 9. f4 Qc7 10. Nf3 O-O 11. a3 b5 12. b3 Bb7 13. Ne2 e5 14. fxe5 dxe5 15. Ng3
Rfd8 16. Qe2 Na5 17. Bd2 Bc5+ 18. Kh1 Nc6 19. b4 Bb6 20. c3 Rd7 21. Rad1 Rad8
22. Be3 Bxe3 23. Qxe3 Ne7 24. h3 Qxc3 25. Ne1 Qxa3 26. Qd2 Nxe4 27. Nxe4 Bxe4
28. Qf2 Bxd3 29. Nxd3 Rxd3 30. Qxf7+ Kh8 31. Qf8+ Rxf8 32. Rxf8+ Ng8 33. Re1
Qxb4 34. Ref1 h6 35. Re8 Qd6 36. Re1 Rd1 37. Rxd1 Qxd1+ 38. Kh2 Qd4 0-1

[Event "Torneo Promozione"]
[Site "Locri ITA"]
[Date "2010.09.19"]
[Round "3"]
[White "Cortale, Gabriele"]
[Black "Mollace, Ruggiero"]
[Result "1-0"]
[WhiteElo "1437"]
[BlackElo "1434"]
[PlyCount "75"]
[EventDate "2010.09.18"]

1. e4 e5 2. Nf3 Nc6 3. Nc3 Nf6 4. d4 exd4 5. Nxd4 Nxd4 6. Qxd4 c5 7. Qd1 Bd6 8.
f4 Be7 9. Bc4 O-O 10. e5 Nh5 11. Qxh5 Bh4+ 12. g3 g6 13. Qxh4 Qxh4 14. gxh4 b6
15. Be3 Bb7 16. Bd5 Bxd5 17. Nxd5 Rac8 18. Ne7+ Kh8 19. Nxc8 Rxc8 20. O-O-O Rd8
21. Rhf1 d5 22. c3 a5 23. f5 Kg7 24. f6+ Kg8 25. h5 gxh5 26. Rg1+ Kf8 27. e6
fxe6 28. Bh6+ Kf7 29. Rdf1 e5 30. Rg7+ Ke6 31. f7 e4 32. Rg8 Rd7 33. f8=N+ Ke5
34. Nxd7+ Ke6 35. Rf6+ Kxd7 36. Rg7+ Ke8 37. Rxh7 Kd8 38. Rf8# 1-0

[Event "Torneo Promozione"]
[Site "Locri ITA"]
[Date "2010.09.19"]
[Round "3"]
[White "Prete, Ugo"]
[Black "Femia, Diego"]
[Result "1-0"]
[WhiteElo "1455"]
[BlackElo "1407"]
[PlyCount "69"]
[EventDate "2010.09.18"]

1. d4 d5 2. c4 dxc4 3. Nc3 Nc6 4. e3 Nf6 5. Bxc4 e5 6. Nf3 Bb4 7. d5 Bxc3+ 8.
bxc3 Na5 9. Qa4+ c6 10. dxc6 Nxc4 11. cxb7+ Bd7 12. Qxc4 Rb8 13. Rb1 O-O 14.
Nxe5 Be6 15. Qa4 Qc7 16. Nf3 Bd5 17. O-O Bxf3 18. gxf3 Rxb7 19. Rxb7 Qxb7 20.
e4 Nd7 21. Ba3 Rc8 22. Qb4 Qxb4 23. Bxb4 Nb6 24. Rd1 h6 25. Kg2 Nc4 26. Rd7 Ne5
27. Rxa7 Nc6 28. Rb7 Nxb4 29. cxb4 Rc2 30. a4 g6 31. a5 f5 32. a6 Ra2 33. a7
fxe4 34. fxe4 Re2 35. a8=R# 1-0

[Event "Torneo Promozione"]
[Site "Locri ITA"]
[Date "2010.09.19"]
[Round "4"]
[White "Musolino, Anna"]
[Black "Cortale, Gabriele"]
[Result "1-0"]
[WhiteElo "1482"]
[BlackElo "1437"]
[PlyCount "71"]
[EventDate "2010.09.18"]

1. e4 e5 2. Nf3 d6 3. Bc4 Nc6 4. d3 Bg4 5. h3 Bxf3 6. Qxf3 Nf6 7. c3 Na5 8. Na3
Nxc4 9. Nxc4 b5 10. Ne3 c6 11. O-O Be7 12. Nf5 Bf8 13. Qg3 g6 14. Ne3 Nh5 15.
Qf3 Bh6 16. Ng4 Bxc1 17. Raxc1 O-O 18. Ne3 Nf4 19. Rfd1 Rc8 20. d4 exd4 21.
Qxf4 dxe3 22. Qxe3 Re8 23. f3 a5 24. f4 Qc7 25. Qf3 Qb6+ 26. Kh2 c5 27. Qg4 Qc6
28. Re1 Rc7 29. e5 dxe5 30. Rxe5 Rxe5 31. fxe5 Qd5 32. Qe2 c4 33. Rd1 Qe6 34.
Rd6 Qe8 35. Qe4 Re7 36. Qd4 1-0

[Event "Torneo Promozione"]
[Site "Locri ITA"]
[Date "2010.09.26"]
[Round "5"]
[White "Cortale, Gabriele"]
[Black "Prete, Ugo"]
[Result "1-0"]
[WhiteElo "1437"]
[BlackElo "1455"]
[PlyCount "49"]
[EventDate "2010.09.18"]

1. d4 d5 2. c4 c6 3. Nc3 Nf6 4. Nf3 dxc4 5. e4 b5 6. e5 Nd5 7. Nxd5 Qxd5 8. Qc2
Bg4 9. Be3 Bxf3 10. gxf3 Qxf3 11. Rg1 e6 12. a3 Qd5 13. Bg2 Qd7 14. a4 Bb4+ 15.
Ke2 Qb7 16. axb5 Qxb5 17. Qa4 a6 18. Qxb5 cxb5 19. Bxa8 O-O 20. Bh6 Rd8 21. Be4
Rxd4 22. Rxg7+ Kf8 23. Bxh7 Rh4 24. Rg8+ Ke7 25. Bg5+ 1-0

[Event "Torneo Promozione"]
[Site "Locri ITA"]
[Date "2010.09.26"]
[Round "5"]
[White "Mollace, Ruggiero"]
[Black "Musolino, Anna"]
[Result "0-1"]
[WhiteElo "1434"]
[BlackElo "1482"]
[PlyCount "80"]
[EventDate "2010.09.18"]

1. e4 e5 2. Nf3 Nc6 3. Nc3 Bb4 4. Bc4 d6 5. Ng5 Qxg5 6. Nd5 Ba5 7. O-O Bh3 8.
Qf3 Be6 9. Ne3 Nd4 10. Qg3 Qxg3 11. fxg3 Nf6 12. d3 Bxc4 13. Nxc4 Bb6 14. Be3
Nxc2 15. Rac1 Nxe3 16. Nxe3 Bxe3+ 17. Kh1 Bxc1 18. Rxc1 c6 19. Rc4 Ng4 20. d4
exd4 21. Rxd4 Rd8 22. Kg1 O-O 23. h3 Ne5 24. Ra4 a6 25. b4 f5 26. Ra3 fxe4 27.
Re3 d5 28. g4 Nc4 29. Re2 e3 30. Re1 Rde8 31. Rf1 Rxf1+ 32. Kxf1 e2+ 33. Ke1
Nb2 34. a3 Nd3+ 35. Kd2 e1=Q+ 36. Kxd3 Qe4+ 37. Kc3 Qc4+ 38. Kb2 Re2+ 39. Kb1
Qc2+ 40. Ka1 Qb2# 0-1

[Event "I Weekend A"]
[Site "Biella ITA"]
[Date "2010.09.24"]
[Round "1"]
[White "Angelini, Marco"]
[Black "Avetta, Gianmario"]
[Result "1-0"]
[WhiteElo "2163"]
[BlackElo "1718"]
[PlyCount "41"]
[EventDate "2010.09.24"]

1. e4 d5 2. exd5 Qxd5 3. Nc3 Qa5 4. d4 c6 5. Bc4 Nf6 6. Bd2 Qc7 7. Qe2 Bg4 8.
Nf3 e6 9. h3 Bf5 10. O-O-O Be7 11. g4 Bg6 12. Ne5 Nbd7 13. f4 Nxe5 14. dxe5 Nd7
15. Rhf1 h6 16. f5 exf5 17. gxf5 Bh7 18. Bf4 Qa5 19. e6 fxe6 20. Rxd7 Bxf5 21.
Bxe6 1-0

[Event "I Weekend A"]
[Site "Biella ITA"]
[Date "2010.09.24"]
[Round "1"]
[White "Argiolas, Alberto"]
[Black "Siclari, Giovanni"]
[Result "1-0"]
[WhiteElo "1867"]
[BlackElo "1443"]
[PlyCount "59"]
[EventDate "2010.09.24"]

1. e4 c5 2. Nf3 e6 3. d4 cxd4 4. Nxd4 Nc6 5. a3 Nf6 6. Nc3 Bc5 7. Nb3 Be7 8.
Be2 O-O 9. Be3 d5 10. exd5 exd5 11. O-O b6 12. Bf3 Be6 13. Nd4 Ne5 14. Be2 Nfg4
15. Nxe6 Nxe3 16. Nxd8 Nxd1 17. Raxd1 Raxd8 18. Nxd5 Bd6 19. Rd2 Rfe8 20. Rfd1
Re6 21. Nc7 Rh6 22. Nb5 Nc4 23. Bxc4 Bxh2+ 24. Kf1 Re8 25. Rd8 Kf8 26. Rxe8+
Kxe8 27. g3 f5 28. Nd6+ Kf8 29. Nxf5 Rf6 30. Rd8# 1-0

[Event "I Weekend A"]
[Site "Biella ITA"]
[Date "2010.09.24"]
[Round "1"]
[White "Bardone, Lorenzo"]
[Black "Moncelli, Giorgio"]
[Result "1-0"]
[WhiteElo "1596"]
[BlackElo "2089"]
[PlyCount "63"]
[EventDate "2010.09.24"]

1. e4 e5 2. Nf3 Nc6 3. Bb5 a6 4. Bxc6 dxc6 5. O-O Bg4 6. h3 h5 7. d3 Qf6 8.
Nbd2 Ne7 9. Nc4 Bxf3 10. Qxf3 Qxf3 11. gxf3 Ng6 12. Be3 O-O-O 13. Rad1 Bd6 14.
Kh1 Rde8 15. Rg1 Re6 16. d4 Rg8 17. c3 Rf6 18. dxe5 Bxe5 19. Rxg6 fxg6 20. Nxe5
Re8 21. f4 g5 22. fxg5 Rd6 23. Rxd6 cxd6 24. Nc4 Kd7 25. f3 d5 26. Nd2 dxe4 27.
Nxe4 Rf8 28. Kg2 g6 29. Kf2 Rf5 30. h4 Rb5 31. b3 Ra5 32. Nc5+ 1-0

[Event "I Weekend A"]
[Site "Biella ITA"]
[Date "2010.09.24"]
[Round "1"]
[White "Bargeri, Ludovico"]
[Black "D'Agostino, Maurizio"]
[Result "1/2-1/2"]
[WhiteElo "1545"]
[BlackElo "2004"]
[PlyCount "152"]
[EventDate "2010.09.24"]

1. d4 d5 2. c4 e5 3. dxe5 d4 4. Nf3 Nc6 5. a3 Nge7 6. b4 Ng6 7. Bb2 a5 8. b5
Ncxe5 9. Nxe5 Nxe5 10. e3 Be6 11. c5 Bxc5 12. exd4 Nc4 13. Bc3 Bb6 14. Be2 Qg5
15. Bf3 O-O-O 16. O-O Qxb5 17. d5 Bxd5 18. Bxg7 Rhg8 19. Bf6 Bxf3 20. Qxf3 Qd5
21. Qh3+ Rd7 22. Nc3 Qd3 23. g3 Nd2 24. Rad1 Rg6 25. Bh8 Kb8 26. Kh1 f6 27. Nb1
Qd5+ 28. Qg2 Qxg2+ 29. Kxg2 Rd8 30. Bxf6 Rxf6 31. Rxd2 Rfd6 32. Re2 Bc5 33. Rc2
b6 34. Nc3 Rd2 35. Rxd2 Rxd2 36. Ne4 Rc2 37. Nxc5 Rxc5 38. a4 Rc4 39. Ra1 Kb7
40. f4 Kc6 41. f5 Kd7 42. Re1 Rxa4 43. f6 Ra2+ 44. Kg1 Ra3 45. Kg2 Ra2+ 46. Kf3
Ra3+ 47. Kg4 Ra4+ 48. Kg5 Ra2 49. Re7+ Kd6 50. Rxh7 Rf2 51. Kg6 b5 52. Rh8 a4
53. f7 b4 54. f8=Q+ Rxf8 55. Rxf8 b3 56. Rb8 c5 57. h4 c4 58. h5 a3 59. h6 a2
60. h7 a1=Q 61. h8=Q Qxh8 62. Rxh8 b2 63. Rb8 c3 64. g4 c2 65. Rxb2 c1=Q 66.
Rf2 Qd1 67. Rf6+ Ke7 68. g5 Qd3+ 69. Kg7 Qd4 70. Kg6 Qh4 71. Rf7+ Ke8 72. Rf6
Qe4+ 73. Kg7 Qe5 74. Kg6 Qe7 75. Kh6 Qe3 76. Kg6 Qe4+ 1/2-1/2

[Event "I Weekend A"]
[Site "Biella ITA"]
[Date "2010.09.24"]
[Round "1"]
[White "Caprioglio, Giovanni"]
[Black "Caldi, Mario"]
[Result "0-1"]
[WhiteElo "1455"]
[BlackElo "1870"]
[PlyCount "70"]
[EventDate "2010.09.24"]

1. e4 e6 2. d4 d5 3. Nd2 c5 4. Bb5+ Bd7 5. Bxd7+ Qxd7 6. c3 Nc6 7. Ne2 cxd4 8.
cxd4 Bb4 9. e5 Nge7 10. O-O Nf5 11. Nf3 O-O 12. Bd2 Be7 13. Rc1 f6 14. Bf4 fxe5
15. Bxe5 Bf6 16. Qa4 Nxe5 17. Qd1 Nxf3+ 18. gxf3 Qd6 19. Kh1 Rac8 20. Qd3 Bg5
21. Rce1 Nh4 22. Ng3 Rxf3 23. Qe2 Rcf8 24. a3 R3f6 25. Nh5 Nf3 26. Ng3 Rh6 27.
Qxf3 Rxf3 28. Kg2 Rff6 29. Rc1 Bxc1 30. Rxc1 Qd7 31. Rc2 e5 32. dxe5 Qh3+ 33.
Kg1 Qxh2+ 34. Kf1 Rxf2+ 35. Rxf2 Qxg3 0-1